[Event "Oberliga Wuerttemberg 1920"]
[Site "Wuerttemberg"]
[Date "2019.10.13"]
[Round "2.4"]
[White "Latzke, Boris Alexander"]
[Black "Aring, Gerd"]
[Result "0-1"]
[WhiteElo "2188"]
[BlackElo "2155"]
[PlyCount "104"]
[EventDate "2019.09.15"]
[EventType "team-tourn"]
[EventRounds "9"]
[EventCountry "GER"]
[SourceTitle "EXT 2021"]
[Source "ChessBase"]
[SourceDate "2020.10.23"]
[SourceVersion "1"]
[SourceVersionDate "2020.10.23"]
[SourceQuality "1"]
[WhiteTeam "Bebenhausen"]
[BlackTeam "Nuertingen"]
[WhiteTeamCountry "GER"]
[BlackTeamCountry "GER"]

1. d4 Nf6 2. c4 e6 3. Nf3 d5 4. Nc3 Be7 5. cxd5 exd5 6. Qc2 0-0 7. Bg5 c6 8. e3 Re8 9. Bd3 h6 10. Bh4 Nbd7 11. 0-0 Ne4 12. Bxe4 Bxh4 13. Bh7+ Kh8 14. Bd3 Be7 15. Rab1 a5 16. Rfc1 Bd6 17. a3 Nf8 18. Na4 Bg4 19. Nd2 Qh4 20. Nf1 Ne6 21. f3 Bh5 22. Qf2 Qe7 23. Qc2 Ng5 24. Nc5 Bxc5 25. Qxc5 Nxf3+ 26. gxf3 Qg5+ 27. Kf2 Re6 28. Be2 Rae8 29. Rc3 Rf6 30. Ng3 Bxf3 31. Bxf3 Qg4 32. e4 dxe4 33. Re1 Rxf3+ 34. Rxf3 Qxf3+ 35. Kg1 g6 36. Qc1 e3 37. Rf1 Qd5 38. Qc5 Qe6 39. Qc3 Kg8 40. Re1 f5 41. Ne2 g5 42. Qd3 f4 43. Rf1 Rf8 44. d5 cxd5 45. Nd4 Qb6 46. Rc1 Kh8 47. b4 axb4 48. axb4 Re8 49. b5 e2 50. Kf2 Re4 51. Rc8+ Kg7 52. Rc7+ Kf6 0-1

[Event "Stuttgart-chA int"]
[Site "Ditzingen"]
[Date "2016.05.06"]
[Round "3"]
[White "Martin, Dennis"]
[Black "Aring, Gerd"]
[Result "0-1"]
[WhiteElo "1928"]
[BlackElo "2192"]
[PlyCount "98"]
[EventDate "2016.05.05"]
[EventType "swiss"]
[EventRounds "7"]
[EventCountry "GER"]
[SourceTitle "EXT 2018"]
[Source "ChessBase"]
[SourceDate "2017.10.13"]
[SourceVersion "1"]
[SourceVersionDate "2017.10.13"]
[SourceQuality "1"]

1. d4 Nf6 2. c4 g6 3. Nc3 Bg7 4. e4 d6 5. Nf3 0-0 6. Be2 e5 7. h3 exd4 8. Nxd4 Re8 9. f3 Nh5 10. 0-0 Qh4 11. f4 Ng3 12. Nf3 Qd8 13. Rf2 Bxc3 14. bxc3 Nxe4 15. Bd3 Nxf2 16. Kxf2 f5 17. Qc2 c5 18. Bd2 Nc6 19. g4 Qf6 20. Rg1 Rf8 21. gxf5 Bxf5 22. Rg5 Kh8 23. h4 h6 24. Rg2 Ne7 25. Kg1 Rae8 26. Be3 Bh3 27. Rh2 Nf5 28. Bf2 Bg4 29. Ne1 Re6 30. Qd2 Rfe8 31. Nc2 Be2 32. Bxf5 Qxf5 33. Rg2 Qd3 34. Qc1 Qd1+ 35. Qxd1 Bxd1 36. Na3 a6 37. Nb1 Bc2 38. Nd2 Re2 39. Nf1 Kh7 40. Ng3 Rd2 41. h5 Rf8 42. hxg6+ Bxg6 43. Be3 Rxg2+ 44. Kxg2 Bd3 45. Kf2 Kg6 46. a3 h5 47. Kf3 h4 48. Nh1 Kf5 49. Nf2 Bxc4 0-1

[Event "Staufer op-A 28th"]
[Site "Schwaebisch Gmuend"]
[Date "2016.01.04"]
[Round "6"]
[White "Hahn, Markus"]
[Black "Aring, Gerd"]
[Result "1-0"]
[WhiteElo "2316"]
[BlackElo "2204"]
[PlyCount "115"]
[EventDate "2016.01.02"]
[EventType "swiss"]
[EventRounds "9"]
[EventCountry "GER"]
[SourceTitle "CBM 170 Extra"]
[Source "ChessBase"]
[SourceDate "2016.02.25"]
[SourceVersion "1"]
[SourceVersionDate "2016.02.25"]
[SourceQuality "1"]

1. d4 d5 2. Nf3 Nf6 3. c4 e6 4. g3 dxc4 5. Qa4+ Nbd7 6. Bg2 c5 7. Qxc4 a6 8. Qc2 b6 9. 0-0 Bb7 10. Nc3 Rc8 11. Rd1 b5 12. dxc5 Bxc5 13. a3 Qb6 14. e3 0-0 15. Qe2 Rfd8 16. Bd2 Be7 17. Be1 Nc5 18. Ne5 Bxg2 19. Kxg2 Qb7+ 20. Qf3 Qxf3+ 21. Kxf3 Nb3 22. Rab1 Bd6 23. Nd3 Kf8 24. Nc1 Nxc1 25. Rbxc1 Ke8 26. Na2 Rxc1 27. Nxc1 Bc7 28. Nd3 g5 29. h3 h5 30. Ke2 g4 31. hxg4 hxg4 32. Nb4 Ra8 33. Bc3 Ne4 34. Bd4 e5 35. Nd5 Bd6 36. Bc3 Nxc3+ 37. Nxc3 Ke7 38. e4 Rc8 39. Nd5+ Ke6 40. Ne3 Rg8 41. Rh1 Bc5 42. Rh6+ Rg6 43. Rxg6+ fxg6 44. Nxg4 Bd4 45. b3 a5 46. a4 bxa4 47. bxa4 Kd6 48. Ne3 Kc5 49. Kd3 g5 50. f3 Ba1 51. Nc2 Bb2 52. g4 Bc1 53. Kc3 Bf4 54. Na1 Bg3 55. Nb3+ Kb6 56. Kc4 Be1 57. Kd5 Bc3 58. Nc5 1-0

[Event "Staufer op-A 28th"]
[Site "Schwaebisch Gmuend"]
[Date "2016.01.02"]
[Round "1"]
[White "Aring, Gerd"]
[Black "Zubarev, Alexander2"]
[Result "0-1"]
[WhiteElo "2204"]
[BlackElo "2553"]
[PlyCount "68"]
[EventDate "2016.01.02"]
[EventType "swiss"]
[EventRounds "9"]
[EventCountry "GER"]
[SourceTitle "CBM 170 Extra"]
[Source "ChessBase"]
[SourceDate "2016.02.25"]
[SourceVersion "1"]
[SourceVersionDate "2016.02.25"]
[SourceQuality "1"]

1. d4 Nf6 2. Nf3 c5 3. e3 g6 4. dxc5 Bg7 5. c4 Na6 6. Nc3 Nxc5 7. Be2 b6 8. 0-0 Bb7 9. Nd4 0-0 10. Bf3 Nfe4 11. Nxe4 Nxe4 12. Qc2 f5 13. b3 b5 14. Bb2 bxc4 15. Rfd1 c3 16. Bxc3 Nxc3 17. Bxb7 Nxd1 18. Rxd1 Rb8 19. Ne6 Qe8 20. Nc7 Qf7 21. Ba6 e6 22. Qc5 d5 23. f4 Rb6 24. b4 Rd8 25. b5 Bf8 26. Qc3 Bd6 27. Rc1 d4 28. exd4 Bxf4 29. Rc2 Bxc7 30. Qxc7 Qxc7 31. Rxc7 Rxd4 32. Rxa7 Ra4 33. Kf2 Rxa2+ 34. Ke3 Rxb5 0-1

[Event "Stuttgart-chA op"]
[Site "Ditzingen"]
[Date "2015.05.16"]
[Round "6"]
[White "Belezky, Alexander"]
[Black "Aring, Gerd"]
[Result "1-0"]
[WhiteElo "2453"]
[BlackElo "2209"]
[PlyCount "85"]
[EventDate "2015.05.14"]
[EventType "swiss"]
[EventRounds "7"]
[EventCountry "GER"]
[SourceTitle "EXT 2018"]
[Source "ChessBase"]
[SourceDate "2017.10.13"]
[SourceVersion "1"]
[SourceVersionDate "2017.10.13"]
[SourceQuality "1"]

1. Nf3 Nf6 2. g3 g6 3. b3 Bg7 4. Bb2 0-0 5. Bg2 d5 6. 0-0 c5 7. c4 e6 8. Qc1 Nbd7 9. cxd5 Nxd5 10. Nc3 b6 11. Nxd5 exd5 12. Bxg7 Kxg7 13. d4 Bb7 14. dxc5 bxc5 15. Qb2+ Qf6 16. Qxf6+ Kxf6 17. Rac1 Rac8 18. Bh3 Ke7 19. Rfd1 Rfd8 20. Rd2 h5 21. Rdc2 f5 22. Ne1 Rc7 23. Nd3 Rdc8 24. Bg2 Kf6 25. h4 a5 26. Rc3 Kf7 27. Kf1 a4 28. b4 c4 29. Nf4 Nf6 30. e3 Rd7 31. Ne2 Ne4 32. Ra3 Ra8 33. Bxe4 dxe4 34. Nd4 Bd5 35. Ke1 Ke7 36. Kd2 Kd6 37. Kc3 Rb7 38. Rd1 Rb6 39. Ne2 Ke5 40. Nf4 Bf7 41. Rd7 Be8 42. Re7+ Kf6 43. Nd5# 1-0

[Event "Stuttgart-chA op"]
[Site "Ditzingen"]
[Date "2015.05.14"]
[Round "1"]
[White "Aring, Gerd"]
[Black "Sand, Rolf"]
[Result "1-0"]
[WhiteElo "2209"]
[BlackElo "1969"]
[PlyCount "125"]
[EventDate "2015.05.14"]
[EventType "swiss"]
[EventRounds "7"]
[EventCountry "GER"]
[SourceTitle "EXT 2018"]
[Source "ChessBase"]
[SourceDate "2017.10.13"]
[SourceVersion "1"]
[SourceVersionDate "2017.10.13"]
[SourceQuality "1"]

1. d4 Nf6 2. c4 g6 3. Nc3 d5 4. Nf3 Bg7 5. e3 0-0 6. cxd5 Nxd5 7. Bc4 Nb6 8. Be2 Nc6 9. 0-0 Bg4 10. Bd2 e5 11. dxe5 Bxf3 12. Bxf3 Nxe5 13. Bxb7 Rb8 14. Ba6 Nbc4 15. Bc1 Nxb2 16. Qc2 Nec4 17. Bxb2 Rxb2 18. Qc1 Qf6 19. Bxc4 Qxc3 20. Qxc3 Bxc3 21. Rac1 Bd2 22. Rb1 Rfb8 23. Bb3 Rxb1 24. Rxb1 Kf8 25. Kf1 Rd8 26. Rd1 Rd6 27. Ke2 Bb4 28. Rc1 Ba5 29. Rc4 Kg7 30. Re4 Kf8 31. Rf4 Rd7 32. g4 Bb6 33. g5 Re7 34. h4 Kg7 35. Bd5 Rd7 36. Bb3 Ba5 37. Kf3 Bc3 38. Rc4 Ba5 39. Ra4 Bb6 40. Re4 h5 41. Ba4 Rd6 42. Bb3 Kf8 43. Rf4 Rd7 44. Be6 Re7 45. Bd5 Kg7 46. e4 Bd4 47. Kg2 c5 48. Rf3 Rc7 49. Bc4 Re7 50. Ra3 Kf8 51. Bd5 Rc7 52. Ra4 Ke7 53. f4 Rd7 54. Bc4 Bc3 55. f5 a5 56. f6+ Kf8 57. Bd5 Ra7 58. Rc4 Bd4 59. Rc1 a4 60. Rb1 Be5 61. Rb5 Bd6 62. Rb6 Rd7 63. Ra6 1-0

[Event "Stuttgart-chA int"]
[Site "Ditzingen"]
[Date "2014.05.30"]
[Round "4"]
[White "Aring, Gerd"]
[Black "Koop, Thorben"]
[Result "0-1"]
[WhiteElo "2198"]
[BlackElo "2254"]
[PlyCount "96"]
[EventDate "2014.05.29"]
[EventType "swiss"]
[EventRounds "7"]
[EventCountry "GER"]
[SourceTitle "EXT 2015"]
[Source "ChessBase"]
[SourceDate "2014.11.20"]
[SourceVersion "1"]
[SourceVersionDate "2014.11.20"]
[SourceQuality "1"]

1. d4 Nf6 2. Nf3 g6 3. g3 Bg7 4. Bg2 0-0 5. 0-0 d5 6. Nbd2 Ne4 7. c3 c5 8. Nxe4 dxe4 9. Ne5 cxd4 10. cxd4 Qd5 11. Be3 Nd7 12. Qb3 Qxb3 13. axb3 Nxe5 14. dxe5 Bf5 15. Bd4 Rfd8 16. e3 Rd5 17. g4 Bxg4 18. Bxe4 Rb5 19. Bd3 Rxb3 20. Bc4 Rb4 21. Rfc1 Bf3 22. Bf1 f6 23. Rc4 Rxc4 24. Bxc4+ Kf8 25. Rxa7 Rc8 26. b3 b5 27. Bxb5 Rc1+ 28. Bf1 fxe5 29. Ra1 Rxf1+ 30. Kxf1 exd4 31. exd4 Bxd4 32. Ra4 e5 33. b4 Bc6 34. Ra2 Ke7 35. Rc2 Kd6 36. Ke2 e4 37. Kf1 h5 38. h3 g5 39. Kg1 h4 40. Kh2 Bd7 41. Kg2 g4 42. hxg4 Bxg4 43. Rd2 Kd5 44. Ra2 Be5 45. Ra3 h3+ 46. Rxh3 Bxh3+ 47. Kxh3 Kd4 48. b5 Bc7 0-1

[Event "Stuttgart-chA int"]
[Site "Ditzingen"]
[Date "2014.05.30"]
[Round "3"]
[White "Neyman, Igor"]
[Black "Aring, Gerd"]
[Result "1/2-1/2"]
[WhiteElo "2311"]
[BlackElo "2198"]
[PlyCount "84"]
[EventDate "2014.05.29"]
[EventType "swiss"]
[EventRounds "7"]
[EventCountry "GER"]
[SourceTitle "EXT 2015"]
[Source "ChessBase"]
[SourceDate "2014.11.20"]
[SourceVersion "1"]
[SourceVersionDate "2014.11.20"]
[SourceQuality "1"]

1. d4 d5 2. c4 dxc4 3. Nf3 a6 4. e3 b5 5. a4 Bb7 6. b3 e6 7. axb5 axb5 8. Rxa8 Bxa8 9. bxc4 bxc4 10. Bxc4 Nd7 11. 0-0 Ngf6 12. Nc3 Be7 13. d5 exd5 14. Nxd5 Nxd5 15. Bxd5 Bxd5 16. Qxd5 0-0 17. Bb2 Nf6 18. Qc4 Qc8 19. Rc1 c5 20. h3 Qf5 21. Ne5 Bd6 22. g4 Qe4 23. Nd7 Qf3 24. Bxf6 Bh2+ 25. Kf1 Re8 26. Qxc5 gxf6 27. Qc6 Qxh3+ 28. Ke1 Rxe3+ 29. fxe3 Qxe3+ 30. Kf1 Qh3+ 31. Qg2 Qd3+ 32. Qe2 Qh3+ 33. Qg2 Qd3+ 34. Qe2 Qh3+ 35. Ke1 Bg3+ 36. Kd1 Qh1+ 37. Kc2 Qc6+ 38. Kb1 Qxd7 39. Qc4 Kg7 40. Rc3 Be5 41. Rd3 Qb7+ 42. Kc2 Qc7 1/2-1/2

[Event "Staufer op 26th"]
[Site "Schwaebisch Gmuend"]
[Date "2014.01.06"]
[Round "9"]
[White "Ott, Florian"]
[Black "Aring, Gerd"]
[Result "1-0"]
[WhiteElo "2114"]
[BlackElo "2215"]
[PlyCount "57"]
[EventDate "2014.01.02"]
[EventType "swiss"]
[EventRounds "9"]
[EventCountry "GER"]
[SourceTitle "CBM 158 Extra"]
[Source "ChessBase"]
[SourceDate "2014.02.28"]
[SourceVersion "1"]
[SourceVersionDate "2014.02.28"]
[SourceQuality "1"]

1. d4 Nf6 2. c4 e6 3. Nf3 d5 4. Nc3 c6 5. Bg5 Nbd7 6. cxd5 exd5 7. e3 Be7 8. Bd3 Ne4 9. Bf4 Ndf6 10. Qc2 Nxc3 11. bxc3 0-0 12. 0-0 h6 13. Rab1 b6 14. c4 Ba6 15. Ne5 Rc8 16. Bf5 Rc7 17. Qa4 Bc8 18. Bc2 b5 19. cxb5 cxb5 20. Rxb5 Rxc2 21. Qxc2 Ba6 22. Nc6 Qd7 23. Ra5 Bxf1 24. Rxa7 Qxa7 25. Nxa7 Bc4 26. Nc6 Re8 27. h3 g5 28. Be5 Nd7 29. Qf5 1-0

[Event "Stuttgart-chA int"]
[Site "Ditzingen"]
[Date "2013.05.12"]
[Round "7"]
[White "Aring, Gerd"]
[Black "Wenninger, Philipp"]
[Result "1-0"]
[WhiteElo "2196"]
[BlackElo "2220"]
[PlyCount "159"]
[EventDate "2013.05.09"]
[EventType "swiss"]
[EventRounds "7"]
[EventCountry "GER"]
[SourceTitle "EXT 2014"]
[Source "ChessBase"]
[SourceDate "2013.11.20"]
[SourceVersion "1"]
[SourceVersionDate "2013.11.20"]
[SourceQuality "1"]

1. d4 d5 2. c4 c6 3. Nf3 Nf6 4. Nc3 a6 5. a4 e6 6. Bg5 a5 7. e3 Be7 8. Bd3 Na6 9. 0-0 Nb4 10. b3 b6 11. Re1 Bb7 12. Rc1 Nxd3 13. Qxd3 0-0 14. Ne5 h6 15. Bh4 Nd7 16. Bg3 Nxe5 17. Bxe5 Bd6 18. Bxd6 Qxd6 19. cxd5 exd5 20. Ne2 Rfe8 21. Nf4 Re7 22. Qc3 Rc8 23. Nd3 Rec7 24. Red1 Ba6 25. h3 Kh8 26. Rb1 Bxd3 27. Qxd3 Kg8 28. Qd2 Qb4 29. Qxb4 axb4 30. Ra1 Ra8 31. Ra2 Kf8 32. Rda1 Rca7 33. Rc1 Rc8 34. Rca1 Ra5 35. Kf1 Ke7 36. Rc1 Kd6 37. Rac2 Ra7 38. Ke2 Rac7 39. Kd3 f5 40. f3 Rf8 41. Ra1 Ra8 42. Rac1 g6 43. Re1 Re8 44. g4 Rf8 45. gxf5 Rxf5 46. f4 Rf6 47. Rg1 Ke6 48. h4 Kf5 49. h5 gxh5 50. Rh1 Re7 51. Rxh5+ Kg4 52. Rch2 Rfe6 53. R2h4+ Kf3 54. Rh3+ Kf2 55. Re5 Rxe5 56. dxe5 c5 57. Rxh6 Rc7 58. Rh2+ Kg3 59. Rc2 c4+ 60. Kd4 c3 61. e6 Kg4 62. Kxd5 Kf3 63. Kd6 Rc8 64. e7 Kxe3 65. Kd7 Rb8 66. e8Q+ Rxe8 67. Kxe8 Kxf4 68. Kd7 Ke3 69. Kc6 Kd3 70. Rc1 Kd2 71. Rh1 c2 72. Kxb6 Kc3 73. a5 Kxb3 74. a6 Kc3 75. a7 b3 76. a8Q b2 77. Qa3+ Kc4 78. Qxb2 Kd3 79. Rh3+ Kc4 80. Qxc2+ 1-0

[Event "Stuttgart-chA int"]
[Site "Ditzingen"]
[Date "2013.05.11"]
[Round "5"]
[White "Aring, Gerd"]
[Black "Dobosz, Henryk"]
[Result "0-1"]
[WhiteElo "2196"]
[BlackElo "2374"]
[PlyCount "102"]
[EventDate "2013.05.09"]
[EventType "swiss"]
[EventRounds "7"]
[EventCountry "GER"]
[SourceTitle "EXT 2014"]
[Source "ChessBase"]
[SourceDate "2013.11.20"]
[SourceVersion "1"]
[SourceVersionDate "2013.11.20"]
[SourceQuality "1"]

1. d4 d6 2. g3 g6 3. Bg2 Bg7 4. Nf3 Nf6 5. 0-0 0-0 6. c4 Nc6 7. Nc3 a6 8. b3 Rb8 9. e3 b5 10. Nd2 Bd7 11. Bb2 e5 12. cxb5 axb5 13. d5 Nb4 14. Qe2 Bf5 15. e4 Bg4 16. f3 Bd7 17. Rfc1 c5 18. a3 Na6 19. a4 Bh6 20. Rd1 Nc7 21. Rdb1 Nfe8 22. Bc1 Na6 23. Nf1 Bxc1 24. Rxc1 f5 25. Nd2 f4 26. axb5 Nac7 27. gxf4 Rxf4 28. Ra5 g5 29. Rca1 h5 30. Qc4 g4 31. b4 cxb4 32. Qxb4 gxf3 33. Nxf3 h4 34. Ne2 Rg4 35. Kh1 Bxb5 36. Rb1 Qf6 37. Neg1 Rxg2 38. Kxg2 Bf1+ 39. Kxf1 Rxb4 40. Rxb4 Qf4 41. Ra2 Nxd5 42. Rg2+ Kf8 43. Rf2 Ne3+ 44. Ke2 Ng4 45. Rb2 Qxe4+ 46. Kf1 Nxf2 47. Rxf2 Ke7 48. Nh3 Nf6 49. Nfg5 Qc4+ 50. Kg2 Qg4+ 51. Kf1 Nd5 0-1

[Event "Stuttgart-chA int"]
[Site "Ditzingen"]
[Date "2013.05.11"]
[Round "6"]
[White "Bueter, Norbert"]
[Black "Aring, Gerd"]
[Result "0-1"]
[WhiteElo "2048"]
[BlackElo "2196"]
[PlyCount "78"]
[EventDate "2013.05.09"]
[EventType "swiss"]
[EventRounds "7"]
[EventCountry "GER"]
[SourceTitle "EXT 2014"]
[Source "ChessBase"]
[SourceDate "2013.11.20"]
[SourceVersion "1"]
[SourceVersionDate "2013.11.20"]
[SourceQuality "1"]

1. d4 Nf6 2. c4 c5 3. d5 b5 4. cxb5 a6 5. Nc3 axb5 6. e4 b4 7. Nb5 d6 8. Bc4 g6 9. e5 dxe5 10. d6 exd6 11. Bg5 Ra6 12. Bxf6 Qxf6 13. Nc7+ Kd8 14. Nxa6 Bxa6 15. Bxa6 Nxa6 16. a4 Qe6 17. Nf3 f6 18. 0-0 Be7 19. Nd2 d5 20. a5 Kc7 21. Qe2 Qc6 22. Rfc1 Kb7 23. Rc2 Rc8 24. Rac1 Ka7 25. Qe3 Kb7 26. Qh6 Rc7 27. Qxh7 f5 28. Qh6 c4 29. Nf3 Qf6 30. Qd2 Qe6 31. Qe2 Bf6 32. Re1 e4 33. Qe3 Nc5 34. Nd4 Qd7 35. Ra1 Ka6 36. b3 f4 37. Qd2 Nd3 38. Rac1 Bxd4 39. bxc4 Bxf2+ 0-1

[Event "Stuttgart-chA int"]
[Site "Ditzingen"]
[Date "2013.05.09"]
[Round "1"]
[White "Aring, Gerd"]
[Black "Kaplunov, Vadym"]
[Result "1-0"]
[WhiteElo "2196"]
[BlackElo "1953"]
[PlyCount "49"]
[EventDate "2013.05.09"]
[EventType "swiss"]
[EventRounds "7"]
[EventCountry "GER"]
[SourceTitle "EXT 2014"]
[Source "ChessBase"]
[SourceDate "2013.11.20"]
[SourceVersion "1"]
[SourceVersionDate "2013.11.20"]
[SourceQuality "1"]

1. d4 d5 2. c4 e6 3. Nf3 Nf6 4. g3 c6 5. Bg2 Nbd7 6. Qc2 Bb4+ 7. Nbd2 Ne4 8. a3 Qa5 9. 0-0 Nxd2 10. Nxd2 Be7 11. b4 Qd8 12. e4 dxe4 13. Nxe4 Nf6 14. Bb2 Nxe4 15. Bxe4 f5 16. Bg2 0-0 17. Rad1 Qe8 18. d5 exd5 19. cxd5 Bd7 20. Rfe1 Qf7 21. dxc6 Bxc6 22. Bxc6 bxc6 23. Rd7 Rfe8 24. Qxc6 Rad8 25. Rexe7 1-0

[Event "Stuttgart-chA int"]
[Site "Ditzingen"]
[Date "2012.05.19"]
[Round "5"]
[White "Keller, Harald"]
[Black "Aring, Gerd"]
[Result "0-1"]
[WhiteElo "2071"]
[BlackElo "2195"]
[PlyCount "80"]
[EventDate "2012.05.17"]
[EventType "swiss"]
[EventRounds "7"]
[EventCountry "GER"]
[SourceTitle "EXT 2018"]
[Source "ChessBase"]
[SourceDate "2017.10.13"]
[SourceVersion "1"]
[SourceVersionDate "2017.10.13"]
[SourceQuality "1"]

1. e4 c5 2. Nc3 Nc6 3. g3 g6 4. Bg2 Bg7 5. d3 d6 6. f4 e6 7. Nf3 Nge7 8. 0-0 0-0 9. Be3 b6 10. d4 Ba6 11. Rf2 Qc7 12. h4 d5 13. dxc5 d4 14. Nxd4 Nxd4 15. Bxd4 Rad8 16. cxb6 axb6 17. e5 Nf5 18. Rd2 Rxd4 19. Rxd4 Qc5 20. Na4 Qxd4+ 21. Qxd4 Nxd4 22. Nxb6 Rb8 23. Nd7 Rxb2 24. c4 Bxc4 25. a4 Ne2+ 26. Kh2 Bd5 27. Bxd5 Nxf4+ 28. Kg1 Nxd5 29. a5 Bh6 30. a6 Be3+ 31. Kh1 Ba7 32. Rc1 Ra2 33. Nf6+ Kg7 34. Ne8+ Kh6 35. g4 Be3 36. g5+ Kh5 37. Rc4 Bf4 38. Nf6+ Nxf6 39. exf6 Kg4 40. Rc6 Kh3 0-1

[Event "Stuttgart-chA int"]
[Site "Gerlingen"]
[Date "2011.06.04"]
[Round "7"]
[White "Aring, Gerd"]
[Black "Gustain, Marc"]
[Result "0-1"]
[WhiteElo "2205"]
[BlackElo "2101"]
[PlyCount "72"]
[EventDate "2011.06.02"]
[EventType "swiss"]
[EventRounds "7"]
[EventCountry "GER"]
[SourceTitle "EXT 2018"]
[Source "ChessBase"]
[SourceDate "2017.10.13"]
[SourceVersion "1"]
[SourceVersionDate "2017.10.13"]
[SourceQuality "1"]

1. c4 c5 2. Nf3 Nc6 3. g3 g6 4. Bg2 Bg7 5. 0-0 e5 6. Nc3 Nge7 7. d3 0-0 8. a3 d6 9. Rb1 a5 10. Ne1 Be6 11. Nc2 d5 12. cxd5 Nxd5 13. Ne3 Nde7 14. Na4 b6 15. Bd2 Rb8 16. b4 cxb4 17. axb4 b5 18. Nc5 a4 19. Nxe6 fxe6 20. h4 Qd6 21. Bc3 Nd5 22. Qd2 Nxc3 23. Qxc3 Nd4 24. Rfe1 Rbc8 25. Qa3 Rc7 26. Bh3 Rfc8 27. Qa2 h5 28. Bg2 Bh6 29. Be4 Kg7 30. Rf1 Bxe3 31. fxe3 Rc2 32. Rb2 Rxb2 33. Qxb2 Rc2 34. Qb1 Nxe2+ 35. Kh2 Qc7 36. Rf2 Nd4 0-1

[Event "Stuttgart op"]
[Site "Gerlingen"]
[Date "2011.06.03"]
[Round "4"]
[White "Aring, Gerd"]
[Black "Reich, Thomas"]
[Result "0-1"]
[WhiteElo "2205"]
[BlackElo "2381"]
[PlyCount "84"]
[EventDate "2011.06.02"]
[EventType "swiss"]
[EventRounds "7"]
[EventCountry "GER"]
[SourceTitle "CBM 142 Extra"]
[Source "ChessBase"]
[SourceDate "2011.06.27"]
[SourceVersion "1"]
[SourceVersionDate "2011.06.27"]
[SourceQuality "1"]

1. d4 Nf6 2. c4 g6 3. Nc3 Bg7 4. e4 0-0 5. Nge2 Nc6 6. e5 Ne8 7. f4 d6 8. Be3 dxe5 9. dxe5 Be6 10. Nd4 Nxd4 11. Qxd4 f6 12. Rd1 Qxd4 13. Bxd4 fxe5 14. fxe5 Rd8 15. Bxa7 Rxd1+ 16. Nxd1 Bxe5 17. Be3 Nd6 18. b3 Nf5 19. Be2 Nxe3 20. Nxe3 Bc3+ 21. Kd1 Rd8+ 22. Nd5 c6 23. Kc2 Ba5 24. b4 cxd5 25. bxa5 Ra8 26. cxd5 Bxd5 27. a6 bxa6 28. Rg1 Bxa2 29. Bf3 Ra7 30. Ra1 Bc4 31. Kc3 Bb5 32. Bd5+ Kg7 33. Kd4 Kf6 34. Ra2 e5+ 35. Kc5 Rc7+ 36. Kd6 Rd7+ 37. Kc5 Ke7 38. Rf2 Rc7+ 39. Kb4 Kd6 40. Rd2 Ke7 41. Rf2 Bd3 42. Bg8 Ke8 0-1

[Event "Staufer op 23rd"]
[Site "Leinzell"]
[Date "2011.01.04"]
[Round "5"]
[White "Aring, Gerd"]
[Black "Bader, Gerd"]
[Result "0-1"]
[WhiteElo "2210"]
[BlackElo "2054"]
[PlyCount "96"]
[EventDate "2011.01.02"]
[EventType "swiss"]
[EventRounds "9"]
[EventCountry "GER"]
[SourceTitle "CBM 140 Extra"]
[Source "ChessBase"]
[SourceDate "2011.03.01"]
[SourceVersion "1"]
[SourceVersionDate "2011.03.01"]
[SourceQuality "1"]

1. d4 d6 2. g3 g6 3. Bg2 Bg7 4. Nf3 Nf6 5. c4 Nbd7 6. Nc3 e5 7. e4 0-0 8. 0-0 Re8 9. h3 exd4 10. Nxd4 Nc5 11. Re1 a5 12. Rb1 Nfd7 13. Be3 Ne5 14. Bf1 Bd7 15. f4 Nc6 16. Bg2 a4 17. Nxc6 Bxc6 18. e5 Bxg2 19. Kxg2 Ne6 20. exd6 Qxd6 21. Qxd6 cxd6 22. Nb5 Bf8 23. Red1 Rec8 24. Rbc1 Rc6 25. Kf3 Re8 26. g4 Nc7 27. Nd4 Ra6 28. f5 Bg7 29. Bf4 Rb6 30. c5 dxc5 31. Bxc7 Rxb2 32. Rxc5 Rxa2 33. Nb5 Rae2 34. Bf4 h6 35. Nd6 R8e7 36. Ra5 g5 37. Bc1 Bb2 38. Nc4 Bxc1 39. Rxc1 Rh2 40. Kg3 Ree2 41. Rg1 Ra2 42. Nb6 Rhb2 43. Kf3 Rxb6 44. Rc1 Rb4 45. Rc3 Kg7 46. Rd5 Rab2 47. Rc7 R4b3+ 48. Ke4 Re2+ 0-1

[Event "Staufer op 23rd"]
[Site "Leinzell"]
[Date "2011.01.03"]
[Round "4"]
[White "Taras, Marian"]
[Black "Aring, Gerd"]
[Result "1/2-1/2"]
[WhiteElo "2039"]
[BlackElo "2210"]
[PlyCount "51"]
[EventDate "2011.01.02"]
[EventType "swiss"]
[EventRounds "9"]
[EventCountry "GER"]
[SourceTitle "CBM 140 Extra"]
[Source "ChessBase"]
[SourceDate "2011.03.01"]
[SourceVersion "1"]
[SourceVersionDate "2011.03.01"]
[SourceQuality "1"]

1. d4 Nf6 2. c4 c5 3. d5 b5 4. cxb5 a6 5. bxa6 Bxa6 6. Nc3 d6 7. g3 g6 8. Bg2 Bg7 9. Nf3 0-0 10. 0-0 Nbd7 11. Rb1 Ra7 12. Re1 Ne8 13. Bd2 Nc7 14. a4 Qa8 15. Ng5 Bb7 16. e4 Ne5 17. Bf1 Ba6 18. Nb5 Bxb5 19. axb5 Rb7 20. f4 Nd7 21. b4 Rfb8 22. bxc5 Nxc5 23. e5 h6 24. Ne4 Nxe4 25. Rxe4 Nxd5 26. Be1 1/2-1/2

[Event "Stuttgart-ch"]
[Site "Stuttgart"]
[Date "2010.05.15"]
[Round "6"]
[White "Aring, Gerd"]
[Black "Donchenko, Anatoly G"]
[Result "1/2-1/2"]
[WhiteElo "2190"]
[BlackElo "2384"]
[PlyCount "139"]
[EventDate "2010.05.13"]
[EventType "swiss"]
[EventRounds "7"]
[EventCountry "GER"]
[SourceTitle "CBM 136 Extra"]
[Source "ChessBase"]
[SourceDate "2010.07.02"]
[SourceVersion "2"]
[SourceVersionDate "2010.07.15"]
[SourceQuality "1"]

1. d4 d5 2. c4 dxc4 3. Nf3 a6 4. a4 Nf6 5. e3 e6 6. Bxc4 c5 7. 0-0 Nc6 8. Qe2 Qc7 9. Nc3 Bd6 10. Rd1 0-0 11. dxc5 Bxc5 12. Bd2 b6 13. Rac1 Bb7 14. Na2 a5 15. Nc3 Rad8 16. Nb5 Qe7 17. e4 Ng4 18. Be1 Nge5 19. Nxe5 Nxe5 20. Bb3 h6 21. Bc3 Qg5 22. Be1 Nd3 23. Rb1 Nxe1 24. Qxe1 Qe5 25. Nc3 Rd4 26. Bc2 Rfd8 27. Rxd4 Bxd4 28. Rc1 g5 29. Kh1 Rc8 30. Bd3 Kg7 31. f3 Qf4 32. Rc2 Qe3 33. Qxe3 Bxe3 34. g3 Rd8 35. Bb5 Kf6 36. Kg2 Ke5 37. Kf1 Rd2 38. Rxd2 Bxd2 39. Ke2 Bxc3 40. bxc3 g4 41. fxg4 Bxe4 42. Ke3 f6 43. h4 Bc2 44. g5 hxg5 45. hxg5 fxg5 46. Kf3 Bf5 47. Ke3 Kd6 48. Bc4 Bc2 49. Bb5 Kd5 50. Kf3 Bd1+ 51. Ke3 Ke5 52. Be8 Bb3 53. Bb5 Kf5 54. Bd7 Bd5 55. Bb5 Kg4 56. Kf2 Kh3 57. Bf1+ Kh2 58. Bb5 e5 59. Bd7 Bb7 60. Bb5 Bg2 61. Bd7 e4 62. Bb5 g4 63. Bd7 Bf3 64. Bb5 e3+ 65. Kxe3 Kxg3 66. Bd7 Bd1 67. c4 Kh2 68. Bxg4 Bxa4 69. Kd4 Bc6 70. Bd1 1/2-1/2